Statistics for Vinnie Paz Discography

Click here to take the quiz!

General Stats

  • This quiz has been taken 4 times
  • The average score is 6 of 12

Answer Stats

Year Name Type % Correct
2012God of the SerengetiAlbum
100%
2010Season of the AssassinAlbum
100%
2013Carry On TraditionEP
100%
2012The Priest of BloodshedMixtape
50%
2005Pazmanian DevilMixtape
25%
2006The Sound and the FuryMixtape
25%
2010Before the AssassinMixtape
25%
2010Prayer for the AssassinEP
25%
2010Fires of the Judas BloodMixtape
25%
2013Digital Dynasty 23Mixtape
25%
2014Flawless VictoryMixtape
25%
2016The Cornerstone of the Corner StoneAlbum
25%

Score Distribution

Percentile by Number Answered

Percent of People with Each Score

Your Score History

You have not taken this quiz